00827 2200313 4500001002100000005001500021035002000036007000300056040001700059100003100076245004500107250001000152300003400162041000800196082001000204084001600214090002400230264003500254336002100289337003000310338002300340650001100363850001000374008004100384990002200425990002200447990002200469990002200491INLIS00000000000939220260421023333 a0010-1122000351ta aSBPUPADbind0 aHetti RestiantiePengarang1 aKreasi Unik Dari Kaca /cHetti Restianti aCet.1 aiv,68 hlm. :billus. ;c21 cm07aind a748.9 a748.9 HET k a398.21 AND r L27 R5 aBandung :bPringgandani,c2009 2rdacontentateks 2rdamediaatanpa perantara 2rdacarrieravolume 4aKreasi aPUPAD260421 0  a205/S/KAPD/PDG/12 a204/S/KAPD/PDG/12 a206/S/KAPD/PDG/12 a207/S/KAPD/PDG/12